000 00328nam a2200133Ia 4500
005 20260328101510.0
008 260328s9999||||xx |||||||||||||| ||und||
100 _aGarcía Jiménez, Adrián
245 0 _aLe Corbusier /
_cAdrián García Jiménez
260 _bCinco
300 _a203 p.
650 _aCorbusier, Le
942 _cBK
999 _c9153
_d9153